00418nam a2200133 a 450000500170000000800410001702000180005805000230007624500900009926000350018930000220022465000180024665000200026420140412111241.0010427s19uu xx 00 eng d a0-590-71800-2 aTR(PS EbTh41 1984 aThree Billy-goats gruff (The):ba Norwegian folktale /cillustrated by Ellen Appleby. aNew York :bScholastic,c1984. a1v. (unp.) ; ill. aGoats-Stories aBravery-Stories